La investigación participativa en América Latina : antología.

Đã lưu trong:
Chi tiết về thư mục
Tác giả chính: Vejarano M., Gilberto (autor)
Định dạng: Sách
Ngôn ngữ:Tiếng Tây Ban Nha
Loạt:(Retablo de papel ; no. 10)
Những chủ đề:
Các nhãn: Thêm thẻ
Không có thẻ, Là người đầu tiên thẻ bản ghi này!

MARC

LEADER 00000cam^a2200000uu^4500
001 000470511
005 20250521000000.0
008 050901s^^^^^^^^^^^^^^^^rd^r^^000^0^spa^d
009 20260526150105.797
035 |a FCE 000013299 
035 |a FCE 001077 
037 |a Acervo ITESO - Biblioteca 
041 |a spa 
082 0 4 |a 374.018  |b VEJ 
100 |a Vejarano M., Gilberto  |e (autor) 
245 1 3 |a La investigación participativa en América Latina :  |b antología. 
264 |a Pátzcuaro, Michoacán :  |b CREFAL,  |c [199-]. 
300 |a 340 p. 
336 |a texto  |b txt  |2 rdacontenido 
337 |a sin mediación  |b n  |2 rdamedio 
338 |a volumen  |b nc  |2 rdasoporte 
440 0 |a (Retablo de papel ;  |v no. 10) 
649 |a XX 
650 |a Educación de adultos 
650 |a Investigación participativa 
650 |a Antología 
650 |a América Latina 
910 |a Fondo Centro de Estudios Educativos 
920 |a Impresos - Libros 
930 |a Fondos Especiales 
905 |a 133 
901 |a ALE001077  |b IT2  |c CEE  |u 20250521 
901 |a ALE041379  |b IT2  |c CEE  |u 20250521 
901 |a ALE041380  |b IT2  |c CEE  |u 20250521 
902 |a https://opac.biblio.iteso.mx/vufind/Record/000470511